A magyar légi szállítmányozók export tevékenysége a közelmúlt geopolitikai változásainak tükrében az Eurázsiai térségben
| Main Author: | |
|---|---|
| Other Authors: | |
| Format: | Thesis |
| Kulcsszavak: | ellátási lánc - ellátó hálózat export geopolitika légiközlekedés szállítmányozás |
| Online Access: | http://dolgozattar.uni-bge.hu/60297 |
MARC
| LEADER | 00000nta a2200000 i 4500 | ||
|---|---|---|---|
| 001 | dolg60297 | ||
| 005 | 20260409150251.0 | ||
| 008 | 260409suuuu hu om 000 hun d | ||
| 040 | |a BGE Dolgozattár Repozitórium |b hun | ||
| 041 | |a hu | ||
| 100 | 1 | |a Bodnár Brigitta | |
| 245 | 1 | 2 | |a A magyar légi szállítmányozók export tevékenysége a közelmúlt geopolitikai változásainak tükrében az Eurázsiai térségben |c Bodnár Brigitta |h [elektronikus dokumentum] |
| 520 | 3 | |a Zbigniew Brzezinski Eurázsia központi szerepét hangsúlyozza a globális hatalmi egyensúlyban. Szerinte Eurázsia, mint a világ legnagyobb földrajzi térsége, döntő befolyással bír a globális politikai és gazdasági folyamatokra. Brzezinski különösen a térség stabilitásának fontosságát emeli ki, mivel bármilyen nagyhatalmi versengés vagy konfliktus itt komoly következményekkel járhat a világ többi részére. A térség uralásáért vívott verseny, különösen az Egyesült Államok, Oroszország és Kína között, meghatározza a 21. századi geopolitikai dinamikát. | |
| 695 | |a ellátási lánc - ellátó hálózat | ||
| 695 | |a export | ||
| 695 | |a geopolitika | ||
| 695 | |a légiközlekedés | ||
| 695 | |a szállítmányozás | ||
| 700 | 1 | |a Domboróczky Dr. Zoltán |e ths | |
| 856 | 4 | 0 | |u http://dolgozattar.uni-bge.hu/60297/1/A%20magyar%20l%C3%A9gi%20sz%C3%A1ll%C3%ADtm%C3%A1nyoz%C3%B3k%20export%20tev%C3%A9kenys%C3%A9ge%20a%20k%C3%B6zelm%C3%BAlt%20geopolitikai%20v%C3%A1ltoz%C3%A1sainak%20t%C3%BCkr%C3%A9ben%20az%20Eur%C3%A1zsiai%20t%C3%A9rs%C3%A9gben%20.pdf |z Dokumentum-elérés |
| 856 | 4 | 0 | |u http://dolgozattar.uni-bge.hu/60297/2/Bodn%C3%A1r_Brigitta_MA%20ELM%20b%C3%ADr%C3%A1lati%20lap.pdf |z Dokumentum-elérés |
| 856 | 4 | 0 | |u http://dolgozattar.uni-bge.hu/60297/3/Bodn%C3%A1r%20Brigitta%20b%C3%ADr%C3%A1lati%20lap.pdf |z Dokumentum-elérés |